Municipis de la província de Barcelona (amb mapa) - Statistics

General Stats
  • This quiz has been taken 2.524 times
    2.511 since last reset
  • The average score is 108 of 311
Answers on the Map
Answers color-coded by a green-red scale on the quiz's map according to % correct below.
 
Answer Stats
Comarca Municipi % Correct
Barcelonès Barcelona
95%
Barcelonès Badalona
90%
Barcelonès l'Hospitalet de Llobregat
89%
Vallès Occidental Sabadell
88%
Vallès Occidental Terrassa
88%
Maresme Mataró
86%
Baix Llobregat el Prat de Llobregat
82%
Baix Llobregat Castelldefels
81%
Bages Manresa
79%
Vallès Oriental Granollers
78%
Barcelonès Sant Adrià de Besòs
78%
Osona Vic
78%
Vallès Occidental Sant Cugat del Vallès
77%
Garraf Sitges
77%
Garraf Vilanova i la Geltrú
77%
Baix Llobregat Gavà
76%
Berguedà Berga
74%
Baix Llobregat Cornellà de Llobregat
74%
Anoia Igualada
74%
Vallès Occidental Rubí
73%
Barcelonès Santa Coloma de Gramenet
73%
Baix Llobregat Martorell
72%
Baix Llobregat Sant Boi de Llobregat
72%
Baix Llobregat Viladecans
72%
Alt Penedès Vilafranca del Penedès
72%
Vallès Occidental Cerdanyola del Vallès
70%
Baix Llobregat Sant Feliu de Llobregat
69%
Baix Llobregat Esplugues de Llobregat
67%
Vallès Occidental Montcada i Reixac
67%
Maresme Vilassar de Mar
64%
Maresme Premià de Mar
63%
Baix Llobregat Molins de Rei
62%
Vallès Oriental Mollet del Vallès
61%
Baix Llobregat Sant Just Desvern
60%
Maresme Montgat
59%
Baix Llobregat Olesa de Montserrat
59%
Baix Llobregat Sant Joan Despí
59%
Maresme Vilassar de Dalt
58%
Maresme Arenys de Mar
57%
Maresme Calella
57%
Maresme el Masnou
57%
Vallès Occidental Badia del Vallès
56%
Moianès Moià
56%
Vallès Occidental Sant Quirze del Vallès
56%
Vallès Occidental Barberà del Vallès
55%
Vallès Occidental Ripollet
54%
Maresme Sant Pol de Mar
54%
Garraf Cubelles
53%
Baix Llobregat Sant Andreu de la Barca
53%
Baix Llobregat Abrera
52%
Maresme Arenys de Munt
52%
Vallès Oriental Parets del Vallès
52%
Maresme Pineda de Mar
52%
Maresme Premià de Dalt
52%
Alt Penedès Sant Sadurní d'Anoia
52%
Maresme Alella
51%
Maresme Canet de Mar
51%
Maresme Malgrat de Mar
51%
Vallès Oriental Montmeló
51%
Lluçanès Lluçà
50%
Vallès Occidental Santa Perpètua de Mogoda
50%
Maresme Santa Susanna
50%
Baix Llobregat Sant Vicenç dels Horts
50%
Maresme Tordera
50%
Vallès Oriental Cardedeu
49%
Maresme Tiana
49%
Vallès Occidental Castellbisbal
48%
Vallès Oriental la Roca del Vallès
48%
Baix Llobregat Pallejà
48%
Vallès Oriental Sant Celoni
48%
Maresme Argentona
47%
Maresme Cabrera de Mar
47%
Anoia Calaf
47%
Vallès Oriental Caldes de Montbui
47%
Baix Llobregat Esparreguera
47%
Garraf Sant Pere de Ribes
47%
Baix Llobregat Vallirana
47%
Vallès Occidental Castellar del Vallès
46%
Baix Llobregat Cervelló
46%
Baix Llobregat el Papiol
46%
Vallès Occidental Matadepera
46%
Baix Llobregat Collbató
45%
Alt Penedès Gelida
45%
Vallès Oriental la Llagosta
45%
Osona Manlleu
45%
Bages Monistrol de Montserrat
45%
Osona Tona
45%
Vallès Occidental Viladecavalls
45%
Baix Llobregat Begues
44%
Vallès Oriental Lliçà d'Amunt
44%
Vallès Occidental Vacarisses
44%
Baix Llobregat Corbera de Llobregat
43%
Baix Llobregat Santa Coloma de Cervelló
43%
Vallès Oriental Canovelles
42%
Bages Cardona
42%
Vallès Oriental la Garriga
42%
Baix Llobregat Sant Esteve Sesrovires
42%
Maresme Dosrius
41%
Vallès Oriental les Franqueses del Vallès
41%
Vallès Oriental Llinars del Vallès
41%
Vallès Occidental Palau-solità i Plegamans
41%
Vallès Oriental Lliçà de Vall
40%
Anoia Piera
40%
Maresme Sant Andreu de Llavaneres
40%
Baix Llobregat Sant Climent de Llobregat
40%
Osona Torelló
40%
Maresme Caldes d'Estrac
39%
Baix Llobregat la Palma de Cervelló
39%
Vallès Oriental Martorelles
39%
Bages Navàs
39%
Maresme Cabrils
38%
Vallès Oriental Aiguafreda
37%
Osona Centelles
37%
Anoia el Bruc
37%
Vallès Oriental Montornès del Vallès
37%
Vallès Occidental Sentmenat
37%
Maresme Teià
37%
Anoia Vilanova del Camí
37%
Osona Gurb
36%
Maresme Palafolls
36%
Lluçanès Prats de Lluçanès
36%
Bages Sallent
36%
Bages Súria
36%
Berguedà Bagà
35%
Vallès Oriental Bigues i Riells del Fai
35%
Garraf Canyelles
35%
Vallès Oriental Montseny
35%
Vallès Oriental Santa Maria de Palautordera
35%
Bages Santpedor
35%
Baix Llobregat Torrelles de Llobregat
35%
Bages Mura
34%
Maresme Òrrius
34%
Vallès Occidental Polinyà
34%
Osona Rupit i Pruit
34%
Vallès Oriental Sant Fost de Campsentelles
34%
Bages Navarcles
33%
Anoia Òdena
33%
Garraf Olivella
33%
Osona Sant Quirze de Besora
33%
Osona Seva
33%
Vallès Oriental Vilanova del Vallès
33%
Bages Castellbell i el Vilar
32%
Anoia Masquefa
32%
Alt Penedès Olesa de Bonesvalls
32%
Vallès Oriental Sant Feliu de Codines
32%
Bages Sant Fruitós de Bages
32%
Maresme Sant Iscle de Vallalta
32%
Berguedà Avià
31%
Bages Avinyó
31%
Berguedà Castellar de n'Hug
31%
Berguedà Guardiola de Berguedà
31%
Bages Sant Joan de Vilatorrada
31%
Maresme Sant Vicenç de Montalt
31%
Berguedà Gironella
30%
Vallès Oriental l'Ametlla del Vallès
30%
Vallès Oriental Sant Pere de Vilamajor
30%
Bages Sant Vicenç de Castellet
30%
Vallès Occidental Ullastrell
30%
Anoia Capellades
29%
Moianès Castellterçol
29%
Berguedà Cercs
29%
Alt Penedès Olèrdola
29%
Vallès Oriental Sant Antoni de Vilamajor
29%
Vallès Oriental Sant Esteve de Palautordera
29%
Osona Sant Hipòlit de Voltregà
29%
Bages Balsareny
28%
Osona Balenyà
27%
Vallès Oriental Gualba
27%
Alt Penedès la Granada
27%
Osona l'Esquirol
27%
Berguedà Puig-reig
27%
Vallès Occidental Rellinars
27%
Alt Penedès Santa Margarida i els Monjos
27%
Vallès Oriental Santa Maria de Martorelles
27%
Maresme Sant Cebrià de Vallalta
27%
Vallès Occidental Sant Llorenç Savall
27%
Vallès Oriental Vallromanes
27%
Bages Artés
26%
Vallès Occidental Gallifa
26%
Anoia Jorba
26%
Vallès Oriental Santa Eulàlia de Ronçana
26%
Alt Penedès Subirats
26%
Osona Taradell
26%
Vallès Oriental Vallgorguina
26%
Vallès Oriental Cànoves i Samalús
25%
Anoia Castellolí
25%
Baix Llobregat Castellví de Rosanes
25%
Berguedà la Pobla de Lillet
25%
Osona les Masies de Voltregà
25%
Vallès Oriental Tagamanent
25%
Bages Talamanca
25%
Bages el Pont de Vilomara i Rocafort
24%
Osona Folgueroles
24%
Lluçanès Olost
24%
Osona Roda de Ter
24%
Alt Penedès Sant Quintí de Mediona
24%
Moianès Sant Quirze Safaja
24%
Osona Tavertet
24%
Alt Penedès Avinyonet del Penedès
23%
Moianès Calders
23%
Bages Callús
23%
Bages Castellgalí
23%
Anoia els Hostalets de Pierola
23%
Selva Fogars de la Selva
23%
Alt Penedès Pontons
23%
Moianès Santa Maria d'Oló
23%
Alt Penedès Sant Llorenç d'Hortons
23%
Osona Sant Pere de Torelló
23%
Osona Vilanova de Sau
23%
Berguedà Casserres
22%
Moianès Collsuspina
22%
Bages Gaià
22%
Osona Malla
22%
Moianès Monistrol de Calders
22%
Bages Rajadell
22%
Anoia Santa Margarida de Montbui
22%
Alt Penedès Sant Cugat Sesgarrigues
22%
Osona Sant Martí de Centelles
22%
Alt Penedès Castellet i la Gornal
21%
Vallès Oriental el Figueró i Montmany
21%
Anoia la Pobla de Claramunt
21%
Osona Santa Eugènia de Berga
21%
Anoia Argençola
20%
Osona Calldetenes
20%
Berguedà Gisclareny
20%
Moianès l'Estany
20%
Alt Penedès Mediona
20%
Osona Muntanyola
20%
Osona Orís
20%
Osona Santa Eulàlia de Riuprimer
20%
Osona Sant Boi de Lluçanès
20%
Osona Sant Julià de Vilatorta
20%
Bages Sant Mateu de Bages
20%
Alt Penedès Torrelles de Foix
20%
Bages Aguilar de Segarra
19%
Berguedà Borredà
19%
Vallès Oriental Campins
19%
Berguedà Fígols
19%
Bages Marganell
19%
Osona Montesquiu
19%
Berguedà Montmajor
19%
Alt Penedès Pacs del Penedès
19%
Berguedà Saldes
19%
Berguedà Sant Jaume de Frontanyà
19%
Alt Penedès Sant Pere de Riudebitlles
19%
Bages Sant Salvador de Guardiola
19%
Berguedà Vilada
19%
Lluçanès Alpens
18%
Anoia Carme
18%
Moianès Castellcir
18%
Anoia els Prats de Rei
18%
Anoia la Llacuna
18%
Berguedà Olvan
18%
Lluçanès Oristà
18%
Alt Penedès Santa Fe del Penedès
18%
Anoia Sant Martí de Tous
18%
Alt Penedès Sant Martí Sarroca
18%
Osona el Brull
17%
Vallès Oriental Fogars de Montclús
17%
Lluçanès Perafita
17%
Osona Santa Cecília de Voltregà
17%
Bages Sant Feliu Sasserra
17%
Osona Sant Vicenç de Torelló
17%
Alt Penedès Castellví de la Marca
16%
Bages Fonollosa
16%
Alt Penedès Font-rubí
16%
Alt Penedès Puigdàlber
16%
Anoia Rubió
16%
Osona Santa Maria de Besora
16%
Osona Sant Bartomeu del Grau
16%
Osona Sant Sadurní d'Osormort
16%
Osona Tavèrnoles
16%
Alt Penedès Terrassola i Lavit
16%
Vallès Oriental Vilalba Sasserra
16%
Berguedà Castellar del Riu
15%
Bages Castellfollit del Boix
15%
Anoia Copons
15%
Moianès Granera
15%
Berguedà la Nou de Berguedà
15%
Anoia la Torre de Claramunt
15%
Alt Penedès les Cabanyes
15%
Osona les Masies de Roda
15%
Anoia Orpí
15%
Anoia Pujalt
15%
Berguedà Vallcebre
15%
Anoia Cabrera d'Anoia
14%
Bages Castellnou de Bages
14%
Berguedà Montclar
14%
Anoia Montmaneu
14%
Osona Sant Agustí de Lluçanès
14%
Berguedà Santa Maria de Merlès
14%
Berguedà Sant Julià de Cerdanyola
14%
Osona Sora
14%
Alt Penedès Vilobí del Penedès
14%
Berguedà Capolat
13%
Anoia Castellfollit de Riubregós
13%
Alt Penedès el Pla del Penedès
13%
Berguedà la Quar
13%
Berguedà l'Espunyola
13%
Anoia Santa Maria de Miralles
13%
Anoia Sant Martí Sesgueioles
13%
Anoia Sant Pere Sallavinera
13%
Anoia Vallbona d'Anoia
13%
Berguedà Viver i Serrateix
13%
Anoia Bellprat
12%
Berguedà Castell de l'Areny
12%
Lluçanès Sant Martí d'Albars
12%
Lluçanès Sobremunt
12%
Berguedà Sagàs
11%
Anoia Veciana
11%
Anoia Calonge de Segarra
10%
No matching quizzes found
Score Distribution
Percent of People with Each Score
Percentile by Number Answered
Your Score History
You have not taken this quiz since the last reset